[Event "BL 8889 München 36-Bamberg"]
[Site "?"]
[Date "1989.??.??"]
[Round "?.3"]
[White "Kurz, A."]
[Black "Bastian, H."]
[Result "0-1"]
[WhiteElo "2280"]
[BlackElo "2315"]
[PlyCount "84"]
[EventDate "1989.??.??"]

1. d4 Nf6 2. c4 e6 3. Nc3 d5 4. cxd5 exd5 5. Bg5 Be7 6. e3 c6 7. Bd3 Nbd7 8.
Qc2 O-O 9. Nge2 Re8 10. O-O Nf8 11. a3 g6 12. b4 Ne6 13. Bxf6 Bxf6 14. Na4 a6
15. Nc5 Nc7 16. Rab1 Nb5 17. Qc1 Nd6 18. a4 b6 19. Nb3 Bd7 20. Re1 Bg5 21. Nf4
Qf6 22. g3 h5 23. Bf1 Bxf4 24. gxf4 Nf5 25. Bg2 Nh4 26. Rb2 Re7 27. a5 bxa5 28.
bxa5 Rae8 29. f3 Bh3 30. Bxh3 Nxf3+ 31. Kg2 Nxe1+ 32. Qxe1 Rxe3 33. Qf2 R3e4
34. f5 g5 35. Nc5 g4 36. Nxe4 gxh3+ 37. Kxh3 Rxe4 38. Rb3 Qxd4 39. Rg3+ Kh7 40.
Qxd4 Rxd4 41. f6 c5 42. Rg7+ Kh6 0-1

[Event "BL 8889 München 36-Bamberg"]
[Site "?"]
[Date "1989.??.??"]
[Round "?.4"]
[White "Pichler, J."]
[Black "Meister, P."]
[Result "1/2-1/2"]
[WhiteElo "2325"]
[BlackElo "2325"]
[PlyCount "80"]
[EventDate "1989.??.??"]

1. d4 e6 2. e4 d5 3. Nc3 Nc6 4. Nf3 Nf6 5. e5 Ne4 6. Bd3 Bb4 7. Bd2 Nxd2 8.
Qxd2 Bd7 9. O-O f6 10. a3 Bxc3 11. Qxc3 fxe5 12. Nxe5 Nxe5 13. dxe5 O-O 14. f4
b6 15. Qe1 Qe7 16. Qg3 Bb5 17. Rae1 Bxd3 18. cxd3 Qc5+ 19. Qe3 Qxe3+ 20. Rxe3
c5 21. g4 g6 22. Kg2 a5 23. Kg3 Ra7 24. a4 Rb7 25. Re2 b5 26. axb5 Rxb5 27. f5
Rb3 28. Rf3 gxf5 29. gxf5 c4 30. f6 cxd3 31. Rd2 Kf7 32. Rfxd3 Rg8+ 33. Kf4
Rb4+ 34. Rd4 Rxd4+ 35. Rxd4 Rg1 36. Rd3 Rf1+ 37. Rf3 Re1 38. Re3 Rf1+ 39. Rf3
Re1 40. Re3 Rf1+ 1/2-1/2

[Event "BL 8889 München 36-Bamberg"]
[Site "?"]
[Date "1989.??.??"]
[Round "?.5"]
[White "Ruehrig, V."]
[Black "Bartelborth, T."]
[Result "1-0"]
[WhiteElo "2330"]
[BlackElo "2210"]
[PlyCount "57"]
[EventDate "1989.??.??"]

1. e4 e6 2. d4 d5 3. e5 c5 4. Nf3 Nc6 5. Bd3 Nxd4 6. Nxd4 cxd4 7. O-O Ne7 8.
Nd2 Nc6 9. f4 f5 10. a3 a5 11. Nf3 Bc5 12. Bd2 O-O 13. Kh1 Qe8 14. g4 fxg4 15.
Ng5 h6 16. Nh7 Rf5 17. Nf6+ gxf6 18. Qxg4+ Kh7 19. Rg1 Qf7 20. exf6 Bf8 21. Rg3
Bd7 22. Rag1 Rd8 23. Qh4 Re8 24. Rg5 Kh8 25. Rg6 Bc8 26. Bxf5 exf5 27. Rxh6+
Bxh6 28. Qxh6+ Qh7 29. f7 1-0

[Event "BL 8889 München 36-Bamberg"]
[Site "?"]
[Date "1989.??.??"]
[Round "?.6"]
[White "Goetz, R."]
[Black "Hartmann, G."]
[Result "1-0"]
[WhiteElo "2275"]
[BlackElo "2275"]
[PlyCount "71"]
[EventDate "1989.??.??"]

1. e4 c5 2. Nf3 d6 3. d4 cxd4 4. Nxd4 Nf6 5. Nc3 e5 6. Nf3 Be7 7. Be2 O-O 8.
O-O a6 9. Bg5 Be6 10. a4 Nbd7 11. Re1 Rc8 12. Bf1 Qc7 13. h3 Rfd8 14. Nd2 h6
15. Be3 d5 16. exd5 Nxd5 17. Nxd5 Bxd5 18. c3 Qc6 19. Qh5 Bf8 20. a5 Re8 21.
Qg4 g6 22. Qa4 f5 23. Qxc6 Rxc6 24. f3 Nf6 25. Bf2 Bf7 26. Ra4 Bg7 27. Rb4 Re7
28. Rb6 Rxb6 29. Bxb6 Nd5 30. Bc5 Rd7 31. Nc4 e4 32. fxe4 fxe4 33. Rxe4 Nf6 34.
Rd4 Rc7 35. Bb6 Re7 36. Rd1 1-0

[Event "BL 8889 München 36-Bamberg"]
[Site "?"]
[Date "1989.??.??"]
[Round "?.7"]
[White "Kestler, H."]
[Black "Koepf, U."]
[Result "1/2-1/2"]
[WhiteElo "2370"]
[BlackElo "2245"]
[PlyCount "26"]
[EventDate "1989.??.??"]

1. c4 e5 2. Nc3 Nc6 3. g3 g6 4. Bg2 Bg7 5. d3 d6 6. Nf3 f5 7. Bg5 Nf6 8. Qd2 h6
9. Bxf6 Qxf6 10. Rc1 O-O 11. O-O g5 12. Nd5 Qf7 13. Ne1 f4 1/2-1/2

[Event "BL 8889 Bayern-Nürnberg"]
[Site "?"]
[Date "1989.??.??"]
[Round "?.3"]
[White "Lumper, T."]
[Black "Kindermann, S."]
[Result "0-1"]
[WhiteElo "2355"]
[BlackElo "2525"]
[PlyCount "54"]
[EventDate "1989.??.??"]

1. c4 e5 2. Nc3 Nc6 3. Nf3 Nf6 4. e3 Bb4 5. Qc2 O-O 6. Nd5 Re8 7. Bd3 g6 8. h4
Bf8 9. a3 d6 10. h5 Nxh5 11. Rxh5 gxh5 12. Bxh7+ Kg7 13. b3 Ne7 14. Nxe7 Bxe7
15. Bb2 Bf6 16. O-O-O Bg4 17. Bf5 Bxf5 18. Qxf5 Qc8 19. Qc2 Qg4 20. e4 c5 21.
Qd3 Rad8 22. g3 Rh8 23. Ne1 h4 24. Ng2 h3 25. Ne3 Qxd1+ 26. Kxd1 h2 27. Nf5+
Kf8 0-1

[Event "BL 8889 Bayern-Nürnberg"]
[Site "?"]
[Date "1989.??.??"]
[Round "?.4"]
[White "Hickl, J."]
[Black "Seibold, H."]
[Result "1/2-1/2"]
[WhiteElo "2500"]
[BlackElo "2220"]
[PlyCount "58"]
[EventDate "1989.??.??"]

1. g3 c5 2. Bg2 g6 3. d3 Bg7 4. f4 Nc6 5. Nf3 d6 6. O-O e6 7. e4 Nge7 8. Nc3
O-O 9. Be3 Nd4 10. Qd2 Rb8 11. Nh4 b5 12. Nd1 b4 13. c3 bxc3 14. bxc3 Ndc6 15.
f5 exf5 16. exf5 gxf5 17. Bh6 Bxh6 18. Qxh6 Ne5 19. Ne3 N5g6 20. Kh1 Qa5 21.
Rac1 Qxa2 22. Nexf5 Bxf5 23. Rxf5 Rb1 24. Rff1 Rxc1 25. Qxc1 Qe2 26. Be4 f5 27.
Re1 Qf2 28. Rf1 Qe2 29. Re1 Qf2 1/2-1/2

[Event "BL 8889 Bayern-Nürnberg"]
[Site "?"]
[Date "1989.??.??"]
[Round "?.7"]
[White "Huemmer, B."]
[Black "Schlosser, P."]
[Result "0-1"]
[WhiteElo "2295"]
[BlackElo "2385"]
[PlyCount "60"]
[EventDate "1989.??.??"]

1. c4 Nf6 2. Nc3 g6 3. g3 Bg7 4. Bg2 O-O 5. Nf3 d6 6. O-O Nc6 7. d3 e5 8. Rb1
a5 9. a3 h6 10. b4 axb4 11. axb4 Be6 12. b5 Ne7 13. Qc2 Qd7 14. Rd1 Bh3 15. d4
exd4 16. Nxd4 Bxg2 17. Kxg2 Rfe8 18. Bb2 Qg4 19. h3 Qh5 20. Nf3 Qc5 21. Qb3 Nc8
22. Nd5 Ne4 23. Bd4 Bxd4 24. Rxd4 f5 25. Qb2 Nb6 26. Nh4 Nxd5 27. cxd5 Nc3 28.
Rd2 Ra2 29. Qc1 Rxd2 30. Qxd2 Rxe2 0-1

[Event "BL 8889 Bamberg-Bayern"]
[Site "?"]
[Date "1989.??.??"]
[Round "?.1"]
[White "Huebner, R."]
[Black "Pfleger, He"]
[Result "0-1"]
[WhiteElo "2600"]
[BlackElo "2490"]
[PlyCount "159"]
[EventDate "1989.??.??"]

1. e4 d6 2. d4 Nf6 3. Nc3 g6 4. Be3 c6 5. Qd2 b5 6. f3 Bg7 7. Bh6 Bxh6 8. Qxh6
b4 9. Nd1 Qa5 10. Ne2 Ba6 11. Nc1 Bxf1 12. Rxf1 Nbd7 13. Nb3 Qb6 14. a3 c5 15.
Qe3 O-O 16. dxc5 Nxc5 17. Nxc5 dxc5 18. axb4 Qxb4+ 19. Qc3 a5 20. Rf2 Nd7 21.
Rd2 Nb6 22. Rd3 Qb5 23. Ne3 c4 24. Rd2 h5 25. Nd5 Nxd5 26. Rxd5 Qb6 27. Qd4
Qb4+ 28. Ke2 e6 29. Rd7 Qb5 30. Kf2 a4 31. Ra3 Rfb8 32. f4 Qb6 33. Qxb6 Rxb6
34. Rc7 c3 35. b3 Rb4 36. Kf3 Rbb8 37. bxa4 Ra5 38. Rc4 Rb2 39. Raxc3 Ra2 40.
e5 R5xa4 41. Rxa4 Rxa4 42. h4 Kf8 43. g3 Ra7 44. Ke3 Ke7 45. Rb3 Kd7 46. Rd3+
Kc6 47. c3 Kc7 48. Rd1 Ra2 49. Rc1 Kc6 50. Kf3 Rd2 51. Re1 Kd5 52. Re3 Rd1 53.
Ke2 Rg1 54. Rd3+ Ke4 55. Re3+ Kd5 56. Kd3 Rg2 57. Rf3 Rg1 58. Re3 Rg2 59. c4+
Kc5 60. Ke4 Rc2 61. Ra3 Rxc4+ 62. Ke3 Kb6 63. Ra8 Rc3+ 64. Kf2 Rc2+ 65. Kf3
Rc3+ 66. Kg2 Rc7 67. Rd8 Kc6 68. g4 Rd7 69. Rc8+ Rc7 70. Rd8 Rd7 71. Rf8 hxg4
72. Kg3 Kd5 73. Kxg4 Ke4 74. Kg5 Ra7 75. Kf6 Kxf4 76. Rxf7 Rxf7+ 77. Kxf7 Kf5
78. Kg7 g5 79. h5 g4 80. h6 0-1

[Event "BL 8889 Bamberg-Bayern"]
[Site "?"]
[Date "1989.??.??"]
[Round "?.3"]
[White "Kindermann, S."]
[Black "Kurz, A."]
[Result "1-0"]
[WhiteElo "2525"]
[BlackElo "2280"]
[PlyCount "108"]
[EventDate "1989.??.??"]

1. e4 c5 2. Nf3 d6 3. d4 cxd4 4. Nxd4 Nf6 5. Nc3 g6 6. Bc4 Bg7 7. h3 O-O 8. Bb3
Nc6 9. Be3 Qa5 10. O-O Bd7 11. f4 Nxd4 12. Bxd4 Bc6 13. Qd3 Rad8 14. Rad1 Nd7
15. Bxg7 Kxg7 16. Nd5 Bxd5 17. exd5 Qc5+ 18. Kh1 b5 19. Rfe1 Rfe8 20. Re3 Nb6
21. Qe2 a5 22. Rc3 Qb4 23. Qe3 a4 24. Qxb6 axb3 25. Rxb3 Qxf4 26. Qxb5 e5 27.
dxe6 Rxe6 28. Rf3 Qe4 29. Qd3 f5 30. Qc3+ Kh6 31. Qd2+ Kg7 32. Rf4 Qe3 33. Qxe3
Rxe3 34. Rfd4 Re2 35. R1d2 Rxd2 36. Rxd2 Kf6 37. c4 Ke5 38. Kg1 Ke4 39. Kf2 Rb8
40. Ke2 Rb7 41. Kd1 g5 42. Kc2 h5 43. Kc3 g4 44. hxg4 hxg4 45. b4 Ke3 46. b5 f4
47. a4 f3 48. gxf3 gxf3 49. a5 Rb8 50. a6 Rg8 51. Rxd6 f2 52. Rf6 Ke2 53. Kb4
f1=Q 54. Rxf1 Kxf1 1-0

[Event "BL 8889 Bamberg-Bayern"]
[Site "?"]
[Date "1989.??.??"]
[Round "?.4"]
[White "Meister, P."]
[Black "Hickl, J."]
[Result "0-1"]
[WhiteElo "2325"]
[BlackElo "2500"]
[PlyCount "108"]
[EventDate "1989.??.??"]

1. d4 d6 2. Nf3 Nf6 3. c4 g6 4. Nc3 Bf5 5. Qb3 Qc8 6. Bg5 Bg7 7. e3 h6 8. Bh4
g5 9. Bg3 Nh5 10. Be2 Nd7 11. Qd1 e6 12. O-O Bg6 13. Ne1 Nxg3 14. fxg3 O-O 15.
g4 c5 16. Nf3 Nf6 17. h3 Ne4 18. Bd3 f5 19. Qc2 Qc6 20. d5 exd5 21. gxf5 Nxc3
22. bxc3 Bf7 23. cxd5 Bxd5 24. e4 Bf7 25. Rfe1 c4 26. Bf1 Rfe8 27. Rad1 b5 28.
Kh1 Re7 29. Nd4 Bxd4 30. Rxd4 Rae8 31. Qd2 Rxe4 32. Rexe4 Rxe4 33. Rxd6 Qc5 34.
f6 Re8 35. Rd8 Qf5 36. Rxe8+ Bxe8 37. Be2 Qxf6 38. Bf3 Bf7 39. Qe3 a6 40. a3
Kg7 41. Kg1 Qd6 42. Kf2 Qxa3 43. Qd4+ Kg8 44. Qd8+ Qf8 45. Qb6 Kg7 46. Qd4+ Kh7
47. Kg1 Qe7 48. Be4+ Bg6 49. Bxg6+ Kxg6 50. Qh8 Qe6 51. Qa8 h5 52. Kh1 g4 53.
hxg4 hxg4 54. g3 Qe1+ 0-1

[Event "BL 8889 Bamberg-Bayern"]
[Site "?"]
[Date "1989.??.??"]
[Round "?.5"]
[White "Bischoff, K."]
[Black "Ruehrig, V."]
[Result "1-0"]
[WhiteElo "2510"]
[BlackElo "2330"]
[PlyCount "117"]
[EventDate "1989.??.??"]

1. d4 Nf6 2. Nf3 d6 3. g3 Bg4 4. Bg2 Nbd7 5. O-O e5 6. c4 Be7 7. h3 Bh5 8. Nh4
c6 9. Nf5 O-O 10. Nc3 Re8 11. d5 c5 12. Qc2 Qb8 13. a4 Bd8 14. a5 a6 15. e4 Bc7
16. Bd2 Qd8 17. Nd1 Bxd1 18. Rfxd1 g6 19. Ne3 Qb8 20. h4 Bd8 21. Bh3 Be7 22.
Ng2 Qd8 23. Ra3 Rc8 24. Rb1 Rc7 25. Be3 Bf8 26. Ne1 Qe7 27. Kh2 Kh8 28. Bg5 Bg7
29. Qe2 h6 30. Bd2 Rf8 31. Rf3 Kh7 32. Kg2 Rb8 33. Rb3 h5 34. Nd3 Bh6 35. Be1
Kh8 36. Ra3 Rbc8 37. f3 Kg7 38. Bf2 Kh7 39. Rc3 Rf8 40. b4 cxb4 41. Rxb4 Nc5
42. Nxc5 dxc5 43. Rb6 Ne8 44. Qd3 Nd6 45. Rc2 Rd8 46. Qa3 Nc8 47. Bxc8 Rcxc8
48. Qd3 Bf8 49. Rcb2 Rc7 50. Be3 f6 51. Qb1 Rdd7 52. f4 Qg7 53. fxe5 fxe5 54.
Bg5 Rf7 55. Re6 Qg8 56. Rbb6 Bg7 57. Qd1 Bh6 58. Bxh6 Kxh6 59. Qd2+ 1-0

[Event "BL 8889 Bamberg-Bayern"]
[Site "?"]
[Date "1989.??.??"]
[Round "?.6"]
[White "Hartmann, G."]
[Black "Hertneck, G."]
[Result "0-1"]
[WhiteElo "2275"]
[BlackElo "2435"]
[PlyCount "96"]
[EventDate "1989.??.??"]

1. e4 e6 2. d4 d5 3. Nc3 Bb4 4. Nge2 dxe4 5. a3 Bxc3+ 6. Nxc3 Nc6 7. Bb5 Nge7
8. Bg5 f6 9. Be3 O-O 10. Qd2 f5 11. O-O-O a6 12. Bxc6 Nxc6 13. f3 e5 14. d5 Na5
15. Bc5 Nc4 16. Qe2 Nd6 17. fxe4 Qg5+ 18. Kb1 f4 19. Rd3 Qg6 20. Re1 Bg4 21.
Qf2 Rf7 22. h3 Bd7 23. Qf3 Raf8 24. Nd1 b6 25. Bb4 a5 26. Bc3 Re7 27. b3 Rf6
28. Nf2 Qg5 29. Rd2 Rg6 30. Nd3 Qh4 31. Bb2 Be8 32. Qf1 Rg5 33. Ka2 Bg6 34.
Rde2 Nf7 35. a4 Rg3 36. Qf2 Re8 37. d6 cxd6 38. Qxb6 Qd8 39. Qb5 Re7 40. Rd2
Qa8 41. c4 Re3 42. c5 Bxe4 43. cxd6 Rb7 44. Qc4 Bxd3 45. Rxd3 Rxe1 46. d7 Rb8
47. Bc3 Re3 48. Rd1 Rd8 0-1

[Event "BL 8889 Bamberg-Bayern"]
[Site "?"]
[Date "1989.??.??"]
[Round "?.7"]
[White "Schlosser, P."]
[Black "Kestler, H."]
[Result "1/2-1/2"]
[WhiteElo "2385"]
[BlackElo "2370"]
[PlyCount "81"]
[EventDate "1989.??.??"]

1. d4 Nf6 2. Nf3 d6 3. c4 Nbd7 4. Nc3 e5 5. e4 Be7 6. Be2 O-O 7. O-O c6 8. Rb1
a5 9. Qc2 Re8 10. Rd1 Qc7 11. Bg5 Nf8 12. h3 h6 13. Be3 Ne6 14. d5 Nf4 15. Bf1
g5 16. Nh2 c5 17. a3 a4 18. b4 axb3 19. Rxb3 Bd8 20. Rdb1 Qe7 21. Ne2 N4h5 22.
h4 gxh4 23. Bxh6 Nh7 24. Nc3 Qf6 25. Bc1 Qg6 26. Rxb7 Bxb7 27. Rxb7 Bg5 28. Nf3
Bxc1 29. Qxc1 Nf4 30. Kh2 Ng5 31. Nxg5 Qxg5 32. Nb5 Qf6 33. Qe3 Red8 34. Kg1
Kh8 35. Rb6 Rab8 36. Ra6 Rd7 37. a4 Rdd8 38. a5 Ra8 39. Ra7 Rg8 40. Rxa8 Rxa8
41. Qa3 1/2-1/2

[Event "BL 8889 Nürnberg-München 36"]
[Site "?"]
[Date "1989.??.??"]
[Round "?.1"]
[White "Smejkal, J."]
[Black "Jansa, V."]
[Result "1/2-1/2"]
[WhiteElo "2515"]
[BlackElo "2470"]
[PlyCount "51"]
[EventDate "1989.??.??"]

1. Nf3 g6 2. d4 Bg7 3. c4 Nf6 4. g3 O-O 5. Bg2 c6 6. Nc3 d6 7. O-O Bf5 8. Ne1
Na6 9. e4 Bg4 10. f3 Be6 11. Qe2 Qc8 12. Be3 Bh3 13. Nd3 Bxg2 14. Kxg2 Nd7 15.
Rac1 Qd8 16. f4 e6 17. h4 Qe7 18. h5 c5 19. dxc5 Naxc5 20. Nf2 Rae8 21. Rfd1
Bxc3 22. Rxc3 Nf6 23. hxg6 fxg6 24. Bc1 a5 25. Rf3 b6 26. b3 1/2-1/2

[Event "BL 8889 Nürnberg-München 36"]
[Site "?"]
[Date "1989.??.??"]
[Round "?.2"]
[White "Pribyl, J."]
[Black "Nikolac, J."]
[Result "0-1"]
[WhiteElo "2435"]
[BlackElo "2495"]
[PlyCount "76"]
[EventDate "1989.??.??"]

1. d4 Nf6 2. Nf3 d6 3. Nc3 Bg4 4. e4 e6 5. h3 Bh5 6. Be2 Be7 7. Be3 O-O 8. g4
Bg6 9. Nd2 d5 10. e5 Nfd7 11. h4 Bxh4 12. Nb3 a5 13. Qd2 Be7 14. f4 a4 15. Nc1
c5 16. Bd3 cxd4 17. Bxd4 Nc6 18. N1e2 a3 19. bxa3 f6 20. Bxg6 hxg6 21. Qd3 fxe5
22. Qxg6 Bh4+ 23. Bf2 Qe8 24. Qxe8 Bxf2+ 25. Kxf2 Raxe8 26. Kg3 Rc8 27. Rab1
Nd4 28. Rxb7 exf4+ 29. Kf2 Nxe2 30. Nxe2 Nc5 31. Re7 Ne4+ 32. Kf3 Rxc2 33. Rc1
Ng5+ 34. Kf2 Rxa2 35. Ke1 f3 36. Nd4 f2+ 37. Kf1 Ne4 38. Kg2 f1=Q# 0-1

[Event "BL 8889 Nürnberg-München 36"]
[Site "?"]
[Date "1989.??.??"]
[Round "?.3"]
[White "Bastian, H."]
[Black "Lumper, T."]
[Result "1-0"]
[WhiteElo "2315"]
[BlackElo "2355"]
[PlyCount "117"]
[EventDate "1989.??.??"]

1. e4 c5 2. Nc3 e6 3. g3 d5 4. Bg2 Nf6 5. d3 dxe4 6. dxe4 Qxd1+ 7. Nxd1 Nc6 8.
Ne3 Be7 9. f4 e5 10. Ne2 O-O 11. O-O b6 12. Nc3 Nd4 13. Ncd5 Nxd5 14. Nxd5 Bd6
15. Rf2 Bb7 16. c3 Ne6 17. f5 Nc7 18. c4 Bxd5 19. exd5 b5 20. b3 Rab8 21. Bd2
bxc4 22. bxc4 Rb4 23. Bxb4 cxb4 24. Rd2 Bc5+ 25. Kf1 Ne8 26. Ke2 Nd6 27. Rf1 f6
28. Kd3 g6 29. Be4 Kg7 30. g4 a5 31. h4 a4 32. Rg2 Bd4 33. Rb1 Nb7 34. Ke2 Nc5
35. Kf3 b3 36. axb3 axb3 37. Rd1 Ra8 38. Bb1 Ra4 39. g5 gxf5 40. Bxf5 Rxc4 41.
gxf6+ Kxf6 42. Bxh7 Rc3+ 43. Kg4 Ke7 44. h5 Nd7 45. Kg5 Rf3 46. Bb1 Be3+ 47.
Kg4 e4 48. Rg3 Nf6+ 49. Kh3 Kd6 50. Rxf3 exf3 51. Kg3 f2 52. Kf3 Nxd5 53. Be4
Bd4 54. h6 Kc5 55. Bxd5 Kxd5 56. Ke2 b2 57. Kd3 Kc5 58. h7 Bf6 59. Kc2 1-0

[Event "BL 8889 Nürnberg-München 36"]
[Site "?"]
[Date "1989.??.??"]
[Round "?.4"]
[White "Seibold, H."]
[Black "Pichler, J."]
[Result "1/2-1/2"]
[WhiteElo "2220"]
[BlackElo "2325"]
[PlyCount "31"]
[EventDate "1989.??.??"]

1. e4 e6 2. d4 d5 3. Nc3 Nc6 4. e5 f6 5. exf6 Qxf6 6. Nf3 Bd6 7. Bg5 Qf7 8. Bh4
Nge7 9. Bg3 Nf5 10. Bb5 O-O 11. Qd2 Bd7 12. O-O-O Qf6 13. Rhe1 Nxg3 14. hxg3
Be8 15. Qe3 Bh5 16. Qxe6+ 1/2-1/2

[Event "BL 8889 Nürnberg-München 36"]
[Site "?"]
[Date "1989.??.??"]
[Round "?.7"]
[White "Koepf, U."]
[Black "Huemmer, B."]
[Result "1-0"]
[WhiteElo "2245"]
[BlackElo "2295"]
[PlyCount "61"]
[EventDate "1989.??.??"]

1. Nf3 Nf6 2. d4 d6 3. c4 Nbd7 4. Nc3 e5 5. Bg5 Be7 6. e3 Ng8 7. Bxe7 Nxe7 8.
Qc2 c6 9. Rd1 Qa5 10. Be2 Nf6 11. O-O Bf5 12. Qb3 Rb8 13. a4 Qc7 14. Qa3 e4 15.
Nd2 O-O 16. b4 Ng6 17. b5 Qe7 18. a5 Ng4 19. Ncxe4 Bxe4 20. Bxg4 cxb5 21. Nxe4
Qxe4 22. Bf3 Qe8 23. cxb5 Qxb5 24. Qxd6 Nh4 25. Qf4 Ng6 26. Qe4 Qxa5 27. Ra1
Qc3 28. Rxa7 b5 29. Qb1 f5 30. Rc1 Qd2 31. Ra2 1-0

[Event "BL 8889 Solingen-HSK"]
[Site "?"]
[Date "1989.??.??"]
[Round "?.1"]
[White "Chandler, M."]
[Black "Spassky, B."]
[Result "1/2-1/2"]
[WhiteElo "2605"]
[BlackElo "2560"]
[PlyCount "44"]
[EventDate "1989.??.??"]

1. e4 e5 2. Nf3 Nc6 3. Bb5 a6 4. Ba4 Nf6 5. O-O Be7 6. Re1 b5 7. Bb3 d6 8. c3
O-O 9. h3 Nd7 10. d4 Nb6 11. Nbd2 Bf6 12. Nf1 Re8 13. Ng3 g6 14. Bh6 Na5 15.
Bc2 c5 16. d5 Bd7 17. Qc1 Bg7 18. h4 Qe7 19. b3 Nb7 20. h5 a5 21. a4 c4 22.
axb5 cxb3 1/2-1/2

[Event "BL 8889 Solingen-HSK"]
[Site "?"]
[Date "1989.??.??"]
[Round "?.3"]
[White "Stein, B."]
[Black "Lobron, E."]
[Result "1/2-1/2"]
[WhiteElo "2380"]
[BlackElo "2530"]
[PlyCount "64"]
[EventDate "1989.??.??"]

1. e4 e6 2. d4 d5 3. Nc3 Nf6 4. Bg5 dxe4 5. Nxe4 Nbd7 6. Nf3 Be7 7. Nxf6+ Bxf6
8. Bxf6 Qxf6 9. Bd3 c5 10. c3 cxd4 11. Nxd4 O-O 12. O-O Ne5 13. Bc2 Rd8 14. Qe2
Bd7 15. Rad1 g6 16. Be4 Rab8 17. Rfe1 Be8 18. g3 Nc6 19. Nxc6 Bxc6 20. Bxc6
bxc6 21. Rxd8+ Rxd8 22. Rd1 Rd5 23. Rxd5 cxd5 24. Qb5 Qd8 25. Qc5 Qd7 26. b3 h5
27. h4 Qb7 28. c4 a6 29. b4 d4 30. Qxd4 Qxb4 31. Qd8+ Kg7 32. Qd4+ Kf8 1/2-1/2

[Event "BL 8889 Solingen-HSK"]
[Site "?"]
[Date "1989.??.??"]
[Round "?.4"]
[White "Lau, R."]
[Black "Maus, So"]
[Result "1-0"]
[WhiteElo "2495"]
[BlackElo "2400"]
[PlyCount "61"]
[EventDate "1989.??.??"]

1. e4 c5 2. Nf3 Nc6 3. d4 cxd4 4. Nxd4 e5 5. Nb5 a6 6. Nd6+ Bxd6 7. Qxd6 Qf6 8.
Qc7 Nge7 9. Nc3 Nb4 10. Bd3 d5 11. O-O d4 12. Ne2 O-O 13. f4 Bg4 14. fxe5 Qc6
15. Qxe7 Nxd3 16. Ng3 Rae8 17. Qd6 Nxe5 18. Qxd4 Qxc2 19. Bf4 Nc6 20. Qb6 Re6
21. h3 g5 22. Be3 Ne5 23. Qb3 Qc7 24. hxg4 Nxg4 25. Rf3 Rfe8 26. Raf1 h5 27.
Bxg5 Qc5+ 28. Be3 Qe5 29. Qxb7 R6e7 30. Qb6 h4 31. Bd4 1-0

[Event "BL 8889 Solingen-HSK"]
[Site "?"]
[Date "1989.??.??"]
[Round "?.5"]
[White "Reefschlaeger, H."]
[Black "Schulte, O."]
[Result "0-1"]
[WhiteElo "2360"]
[BlackElo "2430"]
[PlyCount "114"]
[EventDate "1989.??.??"]

1. e4 e5 2. Nf3 Nf6 3. Nc3 Bb4 4. Bc4 O-O 5. O-O d6 6. d4 exd4 7. Qxd4 Nc6 8.
Qd3 Bxc3 9. bxc3 Re8 10. Re1 Bg4 11. Bg5 h6 12. Bh4 Bxf3 13. Qxf3 Ne5 14. Qe2
Ng6 15. Bxf6 Qxf6 16. Rab1 Qxc3 17. g3 Ne5 18. Bd3 b6 19. f4 Nc6 20. Qf2 Nd4
21. Re3 Qc5 22. Rbe1 Re7 23. Kf1 Rd8 24. h4 Qa5 25. g4 f6 26. g5 fxg5 27. hxg5
Rf8 28. Bc4+ Kh8 29. gxh6 Qh5 30. Kg2 gxh6 31. Rh1 Qg6+ 32. Kf1 Qf6 33. Reh3
Rh7 34. f5 b5 35. Bd3 Ne6 36. Qe3 Ng5 37. Rh5 Kg7 38. Qxa7 Rf7 39. Qe3 Re7 40.
Rg1 Kf8 41. Qa7 Rhg7 42. Rg4 c5 43. Qb8+ Re8 44. Qxb5 Qa1+ 45. Ke2 Nh3 46. Rxg7
Qxg7 47. Kf3 Ng5+ 48. Rxg5 hxg5 49. a4 Qe5 50. a5 Kg7 51. Qd7+ Re7 52. Qc6 Kf6
53. Qc8 Re8 54. Qd7 c4 55. Qh7 cxd3 56. Qg6+ Ke7 57. Qxg5+ Qf6 0-1

[Event "BL 8889 Solingen-HSK"]
[Site "?"]
[Date "1989.??.??"]
[Round "?.6"]
[White "Zysk, R."]
[Black "Wegner, H."]
[Result "1-0"]
[WhiteElo "2395"]
[BlackElo "2290"]
[PlyCount "49"]
[EventDate "1989.??.??"]

1. d4 Nf6 2. Nf3 e6 3. c4 c5 4. e3 b6 5. Nc3 Bb7 6. d5 exd5 7. cxd5 g6 8. e4
Bg7 9. e5 Ng4 10. Bg5 f6 11. exf6 Nxf6 12. Qe2+ Qe7 13. Qxe7+ Kxe7 14. O-O-O h6
15. Bf4 Nh5 16. Bc7 Bxc3 17. bxc3 Na6 18. Bxa6 Bxa6 19. Rhe1+ Kf7 20. Ne5+ Kg7
21. Nxd7 Rhe8 22. Rxe8 Rxe8 23. d6 Bb5 24. Nxb6 axb6 25. d7 1-0

[Event "BL 8889 Solingen-HSK"]
[Site "?"]
[Date "1989.??.??"]
[Round "?.7"]
[White "Michaelsen, N."]
[Black "Schneider, B1."]
[Result "1/2-1/2"]
[WhiteElo "2380"]
[BlackElo "2365"]
[PlyCount "30"]
[EventDate "1989.??.??"]

1. d4 g6 2. c4 Bg7 3. Nc3 d6 4. e4 e5 5. Nge2 Nc6 6. Be3 exd4 7. Nxd4 Nge7 8.
Be2 O-O 9. Nxc6 bxc6 10. h4 f5 11. Bd4 Bxd4 12. Qxd4 c5 13. Qd2 Be6 14. h5 f4
15. O-O-O g5 1/2-1/2

[Event "BL 8889 Bielefeld-Delmenhorst"]
[Site "?"]
[Date "1989.??.??"]
[Round "?.1"]
[White "Reeh, O."]
[Black "Keitlinghaus, L."]
[Result "1/2-1/2"]
[WhiteElo "2460"]
[BlackElo "2410"]
[PlyCount "31"]
[EventDate "1989.??.??"]

1. e4 e6 2. d4 d5 3. Nc3 Nc6 4. Nf3 Nf6 5. Bg5 Be7 6. Bxf6 Bxf6 7. Bb5 O-O 8.
O-O Kh8 9. Re1 dxe4 10. Rxe4 Qd6 11. Qd2 e5 12. Bxc6 exd4 13. Nd5 Qxc6 14. Nxf6
Qxf6 15. Qxd4 Qxd4 16. Nxd4 1/2-1/2

[Event "BL 8889 Bielefeld-Delmenhorst"]
[Site "?"]
[Date "1989.??.??"]
[Round "?.3"]
[White "Hermann, Man"]
[Black "Marjanovic, S."]
[Result "1/2-1/2"]
[WhiteElo "2365"]
[BlackElo "2485"]
[PlyCount "97"]
[EventDate "1989.??.??"]

1. e4 c5 2. Nf3 e6 3. c3 d5 4. exd5 Qxd5 5. d4 Nf6 6. Be2 cxd4 7. cxd4 Nc6 8.
Nc3 Qd6 9. O-O Be7 10. Bg5 O-O 11. Rc1 Qd8 12. a3 b6 13. Bd3 Bb7 14. Bb1 Rc8
15. Qd3 g6 16. Bh6 Re8 17. Ba2 Ng4 18. Be3 Nb8 19. Rfd1 Bd6 20. Bd2 Qc7 21. g3
Qd7 22. Ne4 Be7 23. h3 Ba6 24. Bc4 Rxc4 25. Rxc4 Qd5 26. b3 Nf6 27. Nxf6+ Bxf6
28. Qc3 Rd8 29. Rc1 Bxc4 30. bxc4 Qd7 31. Be3 Nc6 32. Rd1 e5 33. d5 Qxh3 34.
Rd2 Na5 35. c5 Qf5 36. cxb6 axb6 37. Bxb6 Rc8 38. Qxa5 Qxf3 39. Bc7 Bg5 40. d6
Ra8 41. Qd5 Qxa3 42. Rd1 Qa4 43. d7 Bd8 44. Bxd8 Rxd8 45. Rd3 Qb4 46. Qxe5 Qb1+
47. Kg2 Qxd3 48. Qe8+ Rxe8 49. dxe8=Q+ 1/2-1/2

[Event "BL 8889 Bielefeld-Delmenhorst"]
[Site "?"]
[Date "1989.??.??"]
[Round "?.4"]
[White "Pieper Emden, C."]
[Black "Borik, O."]
[Result "1/2-1/2"]
[WhiteElo "2345"]
[BlackElo "2350"]
[PlyCount "112"]
[EventDate "1989.??.??"]

1. d4 g6 2. Nf3 Bg7 3. e4 d6 4. c3 Nc6 5. d5 Nb8 6. Bd3 e5 7. dxe6 fxe6 8. Bg5
Ne7 9. O-O Nbc6 10. Nbd2 O-O 11. Qc2 e5 12. Bc4+ Kh8 13. Rad1 h6 14. Be3 g5 15.
Ne1 Ng6 16. f3 Bd7 17. b4 Qe8 18. g3 Bh3 19. Rf2 Nf4 20. Nf1 Be6 21. Bxe6 Nxe6
22. Bc1 a5 23. a3 axb4 24. axb4 Ne7 25. Ne3 b5 26. Qb3 Nc8 27. N1c2 Nb6 28. Nf5
Nc4 29. Nce3 Nxe3 30. Bxe3 Nd8 31. Ra2 Rxa2 32. Qxa2 Qc6 33. Ne7 Qe8 34. Nf5
Qc6 35. Qd2 Ne6 36. Ne7 Qe8 37. Nf5 Qc6 38. h4 Bf6 39. Nxh6 gxh4 40. g4 Nf4 41.
Nf5 Bg5 42. Bxf4 Bxf4 43. Qe1 Bg3 44. Nxg3 hxg3 45. Qe3 Rf4 46. Kg2 Kg7 47.
Kxg3 Qc4 48. Rh1 Kg6 49. Qd2 Kg5 50. Rh5+ Kg6 51. Rf5 Qf1 52. Rxf4 Qg1+ 53. Kh3
exf4 54. Qxf4 Qh1+ 55. Kg3 Qg1+ 56. Kh3 Qh1+ 1/2-1/2

[Event "BL 8889 Bielefeld-Delmenhorst"]
[Site "?"]
[Date "1989.??.??"]
[Round "?.5"]
[White "Wesseln, K."]
[Black "Baumhus, R."]
[Result "0-1"]
[WhiteElo "2350"]
[BlackElo "2335"]
[PlyCount "70"]
[EventDate "1989.??.??"]

1. Nf3 Nc6 2. g3 d5 3. c4 d4 4. d3 g6 5. Bg2 Bg7 6. O-O e5 7. Na3 Nge7 8. Nc2
a5 9. b3 O-O 10. a3 h6 11. Rb1 g5 12. b4 Ng6 13. e3 Bg4 14. h3 Be6 15. b5 Nce7
16. exd4 exd4 17. Bb2 c5 18. bxc6 Nxc6 19. Ba1 Qd7 20. Kh2 Rad8 21. Rb5 Qc7 22.
Kh1 Bc8 23. Re1 Rd7 24. Nd2 Na7 25. Rb1 Rfd8 26. Ne4 Re7 27. Qh5 Nc6 28. Rb5
Nge5 29. Rd1 f5 30. Nc5 Na7 31. Nxd4 Nxb5 32. Nxb5 Qxc5 33. d4 Qxc4 34. dxe5
Rxd1+ 35. Qxd1 Qxb5 0-1